Podstawowa geografia świata #1 - Statystyki

Ogólne statystyki
  • Ten quiz został rozwiązany 33 razy
  • Średni wynik to 14 z 21
Statystyki odpowiedzi
Pytanie Odpowiedź % Poprawnych
Najwyższa góra świata to Mount everest
100%
Znajduje się ona na kontynencie o nazwie Azja
96%
Pasmo górskie gdzie znajduje się powyższa góra to Himalaje
96%
Najmniejsze państwo świata to Watykan
96%
Najwyższa góra Australii nosi nazwisko polskiego generała, Tadeusza Kościuszko
92%
Stany Zjednoczone są podzielone na ___ Stanów 50
88%
Najludniejsze państwo świata to Indie
88%
_____jest największym krajem na świecie pod względem powierzchni Rosja
88%
Największy ocean świata to Pacyfik
83%
Najwyższa góra w Polsce to Rysy
83%
Stolicą Polski jest Warszawa
63%
Największa pustynia świata to Antarktyda
58%
Na tym półwyspie znajdują się Włochy Apeniński
58%
Najdłuższa rzeka w Polsce to Wisła
58%
Dania znajduje się na półwyspie Jutlandzki
54%
Stolicą Urugwaju jest Montevideo
54%
Mierzy ona dokładnie 8848
50%
Ta wyspa jako jedyna na świecie podzielona jest na 3 różne państwa Borneo
29%
W Ameryce południowej tylko 2 państwa nie graniczą z Brazylią są to Ekwador i Chile
29%
Krajem o liczbie ludności najbardziej zbliżonej do polskiej jest Kanada
13%
Państwem posiadającym najdłuższą nazwę jest Wielka Brytania
13%
Nie znaleziono quizów pasujących do podanych kryteriów
Rozkład punktacji
Procent ludzi z każdym wynikiem
Percentyl według liczby udzielonych odpowiedzi
Twoja historia wyników
Nie rozwiązałeś tego quizu